A strategy to increase youth participation in church programs at Nkawkaw East District, Ghana / (Record no. 25199)

MARC details
000 -LEADER
fixed length control field 00607nam a22001817a 4500
003 - CONTROL NUMBER IDENTIFIER
control field AUA.1
005 - DATE AND TIME OF LATEST TRANSACTION
control field 20251027140751.0
008 - FIXED-LENGTH DATA ELEMENTS--GENERAL INFORMATION
fixed length control field 250711b |||||||| |||| 00| 0 eng d
040 ## - CATALOGING SOURCE
Transcribing agency JTL
100 ## - MAIN ENTRY--PERSONAL NAME
Personal name Onwona-Simpe, Kwame
245 ## - TITLE STATEMENT
Title A strategy to increase youth participation in church programs at Nkawkaw East District, Ghana /
Statement of responsibility, etc Kwame Onwona-Simpe.
260 ## - PUBLICATION, DISTRIBUTION, ETC. (IMPRINT)
Date of publication, distribution, etc c2025.
300 ## - PHYSICAL DESCRIPTION
Extent ix,111 leaves :
Other physical details Illustrations :
Dimensions 30cm.
610 ## - SUBJECT ADDED ENTRY--CORPORATE NAME
Corporate name or jurisdiction name as entry element Nkawkaw District
Geographic subdivision Ghana
650 ## - SUBJECT ADDED ENTRY--TOPICAL TERM
Topical term or geographic name as entry element Youth
General subdivision Religious life
650 ## - SUBJECT ADDED ENTRY--TOPICAL TERM
Topical term or geographic name as entry element Church group work with youth
942 ## - ADDED ENTRY ELEMENTS (KOHA)
Source of classification or shelving scheme AUA Inhouse Classification
Koha item type Project
Classification part MDiv
Item part .O59 2025
Holdings
Withdrawn status Lost status Source of classification or shelving scheme Damaged status Not for loan Collection code Home library Current library Shelving location Date acquired Source of acquisition Cost, normal purchase price Serial Enumeration / chronology Total Checkouts Full call number Barcode Date last seen Cost, replacement price Price effective from Koha item type
    Library of Congress Classification     JTL Research Collection Judith Thomas Library Judith Thomas Library Judith Thomas Library Research Section 11/07/2025 Theological Seminary 25.00 AUA27977   MDiv .O59 2025 AUA27977 11/07/2025 25.00 11/07/2025 Project